[Event "36th Olympiad w"]
[Site "Calvia ESP"]
[Date "2004.10.28"]
[Round "13"]
[White "Berezina,I"]
[Black "Hagesaether,E"]
[Result "1-0"]
[WhiteElo "2281"]
[BlackElo "2188"]
[EventDate "2004.10.15"]

1. d4 Nf6 2. c4 g6 3. Nc3 Bg7 4. e4 d6 5. Nf3 O-O 6. Be2 e5 7. O-O Nc6 8.
d5 Ne7 9. Ne1 Ne8 10. Be3 f5 11. f3 f4 12. Bf2 g5 13. c5 Nf6 14. Rc1 Ng6
15. cxd6 cxd6 16. Nb5 g4 17. Nc7 g3 18. Nxa8 Nh5 19. Kh1 gxf2 20. Rxf2 Qh4
21. Kg1 Ng3 22. Bf1 Ne7 23. h3 Nxf1 24. Kxf1 Bxh3 25. gxh3 Qxh3+ 26. Ke2
Rxa8 27. Rc7 Ng6 28. Qa4 Bf6 29. Qd7 Qxd7 30. Rxd7 Bh4 31. Rh2 Rc8 32. Kd1
Rc4 33. Rxb7 a5 34. Ng2 Be7 35. Rh6 Rb4 36. Rxb4 axb4 37. Kc2 Kg7 38. Rh1
1-0

[Event "36th Olympiad w"]
[Site "Calvia ESP"]
[Date "2004.10.28"]
[Round "13"]
[White "Berntsen,S"]
[Black "Sorokina,A"]
[Result "1-0"]
[WhiteElo "2118"]
[BlackElo "2199"]
[EventDate "2004.10.15"]

1. e4 c5 2. Nf3 e6 3. c3 d5 4. exd5 Qxd5 5. d4 Nf6 6. Bd3 cxd4 7. cxd4 Be7
8. O-O Nc6 9. Nc3 Qd6 10. a3 O-O 11. Bc2 b6 12. Qd3 Bb7 13. Bg5 g6 14. Rfe1
Nd5 15. Ne4 Qd8 16. Bh6 Re8 17. Rad1 Qc7 18. Bb3 Rad8 19. Nfg5 Nf4 20. Qe3
Nd5 21. Qf3 Qf4 22. Qh3 Qf5 23. g4 Nf4 24. Qf3 Ne2+ 25. Rxe2 Qxf3 26. Nxf3
Na5 27. Ba4 f5 28. Ned2 fxg4 29. Ne5 Ba6 30. Bxe8 Bxe2 31. Bf7+ Kh8 32. Re1
Bf3 33. Ndxf3 gxf3 34. Bxe6 Rxd4 35. Rc1 Bc5 36. b4 Nc6 37. Nxc6 Rd6 38.
bxc5 bxc5 39. Nd8 Rxd8 40. Bg5 Rf8 41. Rxc5 h6 42. Rc8 Rxc8 43. Bf6+ Kh7
44. Bxc8 a5 45. Bg4 a4 46. Bxf3 h5 47. Bc6 h4 48. Bxh4 1-0

[Event "36th Olympiad w"]
[Site "Calvia ESP"]
[Date "2004.10.28"]
[Round "13"]
[White "Eriksson,I"]
[Black "Ferkingstad,G"]
[Result "1/2-1/2"]
[WhiteElo "2098"]
[BlackElo "2035"]
[EventDate "2004.10.15"]

1. e4 Nf6 2. d3 d6 3. Nf3 Bg4 4. Be2 e5 5. c3 c6 6. O-O Be7 7. Be3 O-O 8.
h3 Bh5 9. Nbd2 Nbd7 10. Re1 d5 11. Qc2 Qc7 12. Nf1 Bxf3 13. Bxf3 dxe4 14.
dxe4 Nc5 15. Ng3 g6 16. Rad1 Rfd8 17. Nf1 Nfd7 18. Nd2 b5 19. Be2 1/2-1/2

[Event "36th Olympiad w"]
[Site "Calvia ESP"]
[Date "2004.10.28"]
[Round "13"]
[White "Leite,C"]
[Black "Sergeeva,M"]
[Result "1/2-1/2"]
[WhiteElo "2236"]
[BlackElo "2308"]
[EventDate "2004.10.15"]

1. e4 c5 2. c3 d6 3. d4 Nf6 4. dxc5 Nc6 5. Qc2 dxc5 6. Bg5 e5 7. Nd2 Be7 8.
Ngf3 Be6 9. Bc4 Bc8 10. O-O a6 11. a4 O-O 12. Rfe1 Qc7 13. Nf1 Na5 14. Ne3
Be6 15. Bxf6 Nxc4 16. Nxc4 Bxf6 17. Ne3 c4 18. Red1 Rfd8 19. Rxd8+ Rxd8 20.
Rd1 g6 21. h3 h6 22. Nd5 Bxd5 23. Rxd5 Rxd5 24. exd5 Qd6 25. Qd1 Kf8 26.
Ne1 Qc5 27. Nc2 Ke7 28. Qf3 Bg5 29. d6+ Qxd6 30. Qxb7+ Kf8 31. Ne3 Kg7 32.
Qe4 Bxe3 33. Qxe3 Qd5 34. Kh2 a5 35. Qb6 e4 36. Qb5 Qd6+ 37. Kg1 Qc7 38.
Qd5 f5 39. Qd4+ Kh7 40. Qd5 h5 41. h4 Kg7 42. Qd4+ Kf7 43. Qd5+ Kf6 44.
Qd4+ Ke6 45. Kf1 Kf7 46. Kg1 Kg8 47. Qd5+ Kh7 48. Qd4 Qf7 49. Kf1 Qc7 50.
Kg1 1/2-1/2

[Event "36th Olympiad w"]
[Site "Calvia ESP"]
[Date "2004.10.28"]
[Round "13"]
[White "Khasanova,F"]
[Black "Coimbra,M"]
[Result "0-1"]
[WhiteElo "2314"]
[BlackElo "2079"]
[EventDate "2004.10.15"]

1. e4 e5 2. Nf3 Nc6 3. Nc3 Nf6 4. d4 exd4 5. Nxd4 Bb4 6. Nxc6 bxc6 7. Bd3
d5 8. exd5 cxd5 9. O-O O-O 10. Bg5 c6 11. Na4 h6 12. Bh4 Bd6 13. c3 Rb8 14.
Bc2 Ba6 15. Re1 Be7 16. Qd4 Qd7 17. b4 Rfe8 18. Re5 Bb5 19. h3 a5 20. a3
axb4 21. cxb4 Rbd8 22. Nc3 Bc4 23. Bf5 Qc7 24. Rae1 g5 25. Qe3 Bf8 26. Bg3
Bd6 27. Qd4 Bxe5 28. Rxe5 Qb7 29. Bc2 Re7 30. Rxg5+ hxg5 31. Qxf6 Re1+ 32.
Kh2 Qe7 33. Qh6 f6 34. f4 Rc1 35. fxg5 fxg5 36. Qg6+ Qg7 37. Qe6+ Qf7 38.
Bh7+ Kf8 39. Qh6+ Qg7 40. Bd6+ Rxd6 41. Qxd6+ Qe7 42. Qb8+ Qe8 43. Qd6+ Kg7
44. Qc7+ Qf7 45. Qxf7+ Kxf7 46. Na4 Ra1 47. Nc5 Rxa3 48. Bf5 d4 49. Ne4 Bd5
50. Nc5 Ra2 51. h4 Rxg2+ 52. Kh3 gxh4 53. Be6+ Bxe6+ 54. Kxg2 Bf5 55. Nb3
d3 56. Nd2 Ke6 57. Kf2 Kd5 58. Ke3 h3 59. Nf3 Kc4 60. Kf4 Kxb4 0-1

[Event "36th Olympiad w"]
[Site "Calvia ESP"]
[Date "2004.10.28"]
[Round "13"]
[White "Pintor,A"]
[Black "Zigangirova,S"]
[Result "0-1"]
[WhiteElo "2058"]
[BlackElo "2330"]
[EventDate "2004.10.15"]

1. e4 c5 2. d3 Nc6 3. g3 g6 4. Bg2 Bg7 5. f4 d6 6. c3 e6 7. Nf3 Nge7 8. O-O
O-O 9. Na3 Rb8 10. Nc2 b5 11. a3 a5 12. Be3 b4 13. axb4 axb4 14. d4 cxd4
15. Ncxd4 bxc3 16. bxc3 Qc7 17. Qd3 d5 18. e5 Na5 19. Rab1 Rxb1 20. Rxb1
Bd7 21. Qa6 Bc8 22. Qd3 Nc4 23. Nb5 Qa5 24. Bc5 Re8 25. Qd1 Nf5 26. Bf2 Bd7
27. Nbd4 Nfe3 28. Qc1 Nxg2 29. Kxg2 Qc7 30. Nb5 Bxb5 31. Rxb5 Bf8 32. Rb3
Rc8 33. Qb1 Bc5 34. Rb7 Qc6 35. Nd4 Qa6 36. Rb8 Nd2 37. Rxc8+ Qxc8 38. Qb5
Ne4 39. Nc6 Bf8 40. Bd4 Qa8 41. Nb4 Nxc3 42. Qc6 Qxc6 43. Nxc6 Nb5 44. Bf2
Ba3 45. Kf3 Kf8 46. Ke2 h5 47. Kd3 Ke8 48. Nd4 Nxd4 49. Bxd4 Kd7 50. h3 Kc6
51. Bc3 Bc1 52. h4 Ba3 53. Bd2 Bc5 54. Be1 Kb5 55. Ke2 Kc4 56. Bd2 Bd4 57.
Ba5 Bc3 58. Bb6 Bd4 59. Ba5 Bc3 60. Bb6 d4 61. Ba7 d3+ 62. Kd1 Bd4 63. Bb8
Bf2 64. Bc7 0-1

[Event "36th Olympiad w"]
[Site "Calvia ESP"]
[Date "2004.10.28"]
[Round "13"]
[White "Kopinits,A"]
[Black "Burijovich,L"]
[Result "0-1"]
[WhiteElo "2114"]
[BlackElo "2212"]
[EventDate "2004.10.15"]

1. e4 c5 2. Nf3 e6 3. d4 cxd4 4. Nxd4 Qb6 5. Nb3 Qc7 6. Bd3 Nf6 7. Bg5 Be7
8. O-O Nc6 9. Nc3 O-O 10. f4 d6 11. Kh1 a6 12. Qe2 Re8 13. Rae1 h6 14. e5
Nd7 15. Qe4 Nf8 16. Bxe7 Nxe7 17. Qf3 d5 18. f5 exf5 19. Nxd5 Nxd5 20. Qxd5
Be6 21. Qf3 g6 22. Qe3 Kg7 23. Nd4 Rad8 24. a3 Bc4 25. Bxc4 Qxc4 26. c3 Ne6
27. Rf2 Nxd4 28. cxd4 Rxd4 29. Rc1 Qd5 30. h3 Rd3 31. Rc5 Rxe3 32. Rxd5
R8xe5 33. Rd7 Re7 34. Rd6 Re2 35. Rxe2 Rxe2 36. Rb6 Re7 37. h4 f4 38. h5
Re5 39. Rxb7 Rxh5+ 40. Kg1 a5 41. a4 Re5 42. b4 axb4 43. Rxb4 g5 44. Rb5
Re2 45. a5 Ra2 46. Kf1 Kg6 47. Rb6+ f6 48. a6 Kf5 49. Ke1 h5 50. Kf1 h4 51.
Kg1 Kg4 52. Rxf6 Kg3 53. Kf1 g4 54. Rb6 Ra1+ 55. Ke2 Kxg2 56. a7 f3+ 57.
Ke3 f2 58. Rb2 g3 59. Kf4 Rxa7 0-1

[Event "36th Olympiad w"]
[Site "Calvia ESP"]
[Date "2004.10.28"]
[Round "13"]
[White "Justo,V"]
[Black "Horvath,Maria AUT"]
[Result "1-0"]
[WhiteElo "2285"]
[BlackElo "2094"]
[EventDate "2004.10.15"]

1. e4 e6 2. d4 d5 3. Nd2 Nf6 4. e5 Nfd7 5. f4 c5 6. c3 Nc6 7. Ndf3 Qb6 8.
Ne2 a5 9. g3 cxd4 10. cxd4 Bb4+ 11. Kf2 O-O 12. Bh3 f6 13. Kg2 f5 14. Rf1
Ndb8 15. g4 g6 16. gxf5 gxf5 17. Kh1 Rf7 18. Rg1+ Kh8 19. Be3 Be7 20. Qf1
Qd8 21. Nc3 Na7 22. Rg3 Qf8 23. Qg2 Rg7 24. Rg1 Rxg3 25. Qxg3 Bd7 26. Ng5
Bxg5 27. Qxg5 Nbc6 28. Bf1 Ne7 29. Be2 Be8 30. Bf2 Bg6 31. Bh4 Ng8 32. Bh5
Bxh5 33. Qxg8+ Qxg8 34. Bf6+ Qg7 35. Rxg7 Bf3+ 36. Kg1 Rg8 37. Rg3+ 1-0

[Event "36th Olympiad w"]
[Site "Calvia ESP"]
[Date "2004.10.28"]
[Round "13"]
[White "Zapata,K"]
[Black "Medic,Mir"]
[Result "1-0"]
[WhiteElo "2162"]
[BlackElo "2237"]
[EventDate "2004.10.15"]

1. d4 d5 2. c4 e6 3. Nc3 Bb4 4. Nf3 c5 5. dxc5 Nc6 6. cxd5 exd5 7. e3 Nf6
8. Bd3 O-O 9. O-O Bxc5 10. a3 Bg4 11. b4 Bd6 12. Be2 Rc8 13. Bb2 a6 14. Rc1
Bb8 15. Na4 Qd6 16. g3 Bh3 17. Re1 Ne4 18. Nc5 Nxc5 19. Rxc5 Rfd8 20. Qb1
Qh6 21. Rd1 Be6 22. b5 Bd6 23. bxc6 Bxc5 24. cxb7 Rb8 25. Be5 Bd6 26. Rc1
Qh3 27. Qb6 Bxe5 28. Nxe5 Bd7 29. Bxa6 f6 30. Nxd7 Qxd7 31. Rc7 Qf5 32. a4
h5 33. h4 Kh7 34. a5 d4 35. exd4 Re8 36. Qb4 Qf3 37. Qb1+ Kh8 38. Qg6 1-0

[Event "36th Olympiad w"]
[Site "Calvia ESP"]
[Date "2004.10.28"]
[Round "13"]
[White "Jelica,M"]
[Black "Calle,M"]
[Result "1-0"]
[WhiteElo "2252"]
[BlackElo "2111"]
[EventDate "2004.10.15"]

1. e4 e5 2. Nf3 Nc6 3. d4 exd4 4. Nxd4 Nf6 5. Nxc6 bxc6 6. e5 Qe7 7. Qe2
Nd5 8. c4 Ba6 9. b3 Qh4 10. a3 Bc5 11. Qf3 Nb6 12. Ra2 O-O 13. Bd3 Rae8 14.
Re2 d5 15. g3 Qd8 16. Nd2 Bd4 17. O-O Bxe5 18. Bxh7+ Kxh7 19. Qh5+ Kg8 20.
Rxe5 Rxe5 21. Qxe5 Re8 22. Qc3 c5 23. Qa5 Bc8 24. Qxc5 Bh3 25. Rd1 dxc4 26.
Qh5 Qc8 27. Bb2 Qg4 28. Qxg4 Bxg4 29. f3 Be6 30. bxc4 Rd8 31. c5 Na4 32.
Be5 Nxc5 33. Bxc7 Rd3 34. Rc1 Rxd2 35. Rxc5 Rd1+ 36. Kf2 Rd2+ 37. Ke3 Rxh2
38. Ra5 Rc2 39. Be5 Rc1 40. Bd4 Re1+ 41. Kf2 Rd1 42. Bxa7 Rd3 43. Be3 Kf8
44. Ra7 Ke8 45. a4 Kd8 46. a5 Rd7 47. Ra6 Bd5 48. Rb6 Kc8 49. Rb5 Bb7 50.
Rb4 f6 51. g4 Rd5 52. Bb6 Rd3 53. Rc4+ Kb8 54. Rf4 Rd5 55. Rb4 Kc8 56. Rc4+
Kb8 57. Ke3 Re5+ 58. Kf2 Rd5 59. f4 Rd3 60. f5 Rf3+ 61. Ke2 Rh3 62. Rd4
Ba6+ 63. Kd2 Rh2+ 64. Ke3 Re2+ 65. Kf4 Re7 66. g5 fxg5+ 67. Kxg5 Bc8 68.
Rc4 Rf7 69. Rc5 Kb7 70. Kg6 Rxf5 71. Rc7+ Kb8 72. Rxg7 Rf4 73. Bc7+ 1-0

[Event "36th Olympiad w"]
[Site "Calvia ESP"]
[Date "2004.10.28"]
[Round "13"]
[White "Berend,E"]
[Black "Bashkite,V"]
[Result "1/2-1/2"]
[WhiteElo "2307"]
[BlackElo "2206"]
[EventDate "2004.10.15"]

1. e4 e5 2. Nf3 Nf6 3. Nxe5 d6 4. Nf3 Nxe4 5. Bd3 Nf6 6. h3 Be7 7. O-O O-O
8. c3 Nbd7 9. Bc2 b6 10. d4 Bb7 11. Bg5 Be4 12. Nbd2 Bxc2 13. Qxc2 Nd5 14.
Qf5 Bxg5 15. Nxg5 N5f6 16. Rfe1 h6 17. Nge4 Re8 18. a4 a5 19. b4 d5 20.
Nxf6+ Nxf6 21. b5 Qd6 22. Re5 c6 23. bxc6 Qxc6 24. Qd3 Rac8 25. Rxe8+ Nxe8
26. Ra3 Nd6 27. Kh1 Re8 1/2-1/2

[Event "36th Olympiad w"]
[Site "Calvia ESP"]
[Date "2004.10.28"]
[Round "13"]
[White "Piarnpuu,L"]
[Black "Bakalarz,G"]
[Result "1-0"]
[WhiteElo "2227"]
[BlackElo "2035"]
[EventDate "2004.10.15"]

1. c4 Nf6 2. Nc3 d5 3. cxd5 Nxd5 4. g3 Nb6 5. Bg2 g6 6. Nf3 Bg7 7. O-O Nc6
8. d3 O-O 9. Be3 Bg4 10. h3 Be6 11. Ng5 Bd5 12. Bxb6 Bxg2 13. Bxc7 Qxc7 14.
Kxg2 Bxc3 15. bxc3 Qe5 16. Ne4 f5 17. Qb3+ Kh8 18. f4 Qc7 19. Ng5 Rf6 20.
Rab1 b6 21. Nf3 Rc8 22. Qb2 Qb7 23. c4 h6 24. c5 Na5 25. cxb6 axb6 26. Rfc1
Rxc1 27. Rxc1 Kh7 28. Kf2 Nc6 29. Qb5 Nd8 30. Ne5 Ne6 31. Nd7 Rf7 32. Qc6
Nd8 33. Qxb7 Nxb7 34. Nxb6 Kg7 35. Nd7 e6 36. Ne5 Re7 37. Rc6 g5 38. a4 Kf6
39. Nc4 Nd8 40. Rc8 Nf7 41. a5 Ra7 42. Rc6 Ke7 43. Rb6 gxf4 44. gxf4 h5 45.
a6 Nd8 1-0

[Event "36th Olympiad w"]
[Site "Calvia ESP"]
[Date "2004.10.28"]
[Round "13"]
[White "Steil Antoni,F"]
[Black "Laesson,T"]
[Result "0-1"]
[WhiteElo "1936"]
[BlackElo "2254"]
[EventDate "2004.10.15"]

1. e4 g6 2. d4 Bg7 3. Nc3 d6 4. Nf3 Bg4 5. Be3 Nc6 6. Be2 Nf6 7. h3 Bxf3 8.
Bxf3 e5 9. d5 Ne7 10. Qd2 h6 11. Rd1 Qd7 12. Be2 a6 13. a4 Kf8 14. b3 Kg8
15. O-O g5 16. Kh2 Ng6 17. g3 Rc8 18. Rg1 Kh7 19. Bf3 Rhg8 20. Ne2 Bf8 21.
Bg2 Qe7 22. Qb4 b6 23. Qc4 a5 24. c3 Qd7 25. Ra1 g4 26. f3 h5 27. Bg5 Kg7
28. Bxf6+ Kxf6 29. Qd3 Bh6 30. Raf1 Kg7 31. fxg4 hxg4 32. hxg4 Qxg4 33. Bh3
Qg5 34. Rf5 Qe3 35. Qxe3 Bxe3 36. Rgf1 Rcf8 37. c4 Rh8 38. Kg2 f6 39. R5f3
Bg5 40. Bf5 Ne7 41. Rh1 Nxf5 42. Rxf5 Rxh1 43. Kxh1 Bd2 44. Rh5 Kg6 45. Rh3
f5 46. exf5+ Rxf5 47. g4 Rf2 48. Ng1 Rf4 49. Kg2 Rxg4+ 50. Rg3 Kf5 51. Rxg4
Kxg4 52. Kf2 Bh6 53. Ke2 Kf4 54. Kd3 e4+ 55. Ke2 Ke5 56. Nh3 Kd4 57. Nf2 e3
58. Ng4 Bg5 59. Nh2 Kc3 60. Nf3 Bh6 61. Nh4 Kxb3 62. Nf5 Bg5 63. Kd3 Kxa4
64. Nd4 Kb4 65. Ne6 Bh6 66. Nxc7 a4 67. Nb5 a3 68. Nc3 Kb3 0-1

[Event "36th Olympiad w"]
[Site "Calvia ESP"]
[Date "2004.10.28"]
[Round "13"]
[White "Topel,Z"]
[Black "Batceceg,T"]
[Result "0-1"]
[WhiteElo "2062"]
[BlackElo "2209"]
[EventDate "2004.10.15"]

1. d4 Nf6 2. Nc3 d5 3. Bg5 c6 4. Qd3 g6 5. f3 Bg7 6. e4 dxe4 7. fxe4 O-O 8.
Nf3 a5 9. Qd2 b5 10. Bd3 Na6 11. a3 Nc7 12. h3 Ba6 13. b4 Bb7 14. Rb1 axb4
15. axb4 Ra3 16. O-O Qa8 17. Qe1 Ne6 18. Bc1 Ra1 19. Rxa1 Qxa1 20. e5 Nd7
21. Ne2 Nb6 22. Qh4 Qa8 23. Ng5 Nxg5 24. Bxg5 Nd5 25. Bxe7 Nxe7 26. Qxe7 c5
27. Qxc5 Bxg2 28. Rf2 Bxh3 29. Kh2 Bd7 30. Ng3 Qd8 31. Rf4 Qg5 32. Re4 Qh6+
33. Kg2 Qh3+ 34. Kf2 Qh2+ 35. Kf3 h5 36. Qd5 Be6 37. Qxb5 f6 38. Rf4 Bg4+
39. Rxg4 hxg4+ 40. Kxg4 f5+ 41. Kf3 0-1

[Event "36th Olympiad w"]
[Site "Calvia ESP"]
[Date "2004.10.28"]
[Round "13"]
[White "Enhjargal,E"]
[Black "Bayrak,A"]
[Result "1/2-1/2"]
[WhiteElo "2163"]
[BlackElo "1907"]
[EventDate "2004.10.15"]

1. d4 d5 2. c4 c6 3. Nc3 Nf6 4. Nf3 dxc4 5. a4 Bf5 6. e3 e6 7. Bxc4 Bb4 8.
O-O Nbd7 9. Qe2 Bg6 10. Rd1 O-O 11. Bd2 a5 12. Ne1 Qe7 13. Rac1 Rfd8 14.
Na2 Bd6 15. Nc3 Bb4 16. Na2 Bd6 17. Nc3 Bb4 18. Na2 Bd6 1/2-1/2

[Event "36th Olympiad w"]
[Site "Calvia ESP"]
[Date "2004.10.28"]
[Round "13"]
[White "Koskoska,G"]
[Black "Fierro Baquero,M"]
[Result "0-1"]
[WhiteElo "2242"]
[BlackElo "2333"]
[EventDate "2004.10.15"]

1. e4 g6 2. d4 Bg7 3. Nf3 d6 4. Nc3 Nf6 5. Be2 O-O 6. O-O c6 7. Be3 Nbd7 8.
a4 Qc7 9. Qd2 e5 10. dxe5 dxe5 11. Rfd1 Re8 12. Bc4 Nb6 13. Bb3 Be6 14. Qe2
Bxb3 15. cxb3 Rad8 16. Nd2 Nfd7 17. a5 Nc8 18. Rdc1 Nf8 19. Qf3 Qe7 20. Na4
Nd6 21. Nc5 Ne6 0-1

[Event "36th Olympiad w"]
[Site "Calvia ESP"]
[Date "2004.10.28"]
[Round "13"]
[White "Vasquez Ramirez,R"]
[Black "Sekulovska,V"]
[Result "1/2-1/2"]
[WhiteElo "2257"]
[BlackElo "2164"]
[EventDate "2004.10.15"]

1. e4 e5 2. Nf3 Nc6 3. Bb5 Nf6 4. O-O Bc5 5. d3 Nd4 6. Nxd4 Bxd4 7. c3 Bb6
8. Bg5 c6 9. Ba4 h6 10. Bh4 d6 11. Nd2 g5 12. Bg3 Bg4 13. Qc2 h5 14. h3 h4
15. Bh2 Be6 16. d4 g4 17. d5 g3 18. dxe6 gxh2+ 19. Kh1 fxe6 20. Nc4 Bc7 21.
Ne3 Qe7 22. b4 O-O-O 23. c4 Bb6 24. Ng4 Nxg4 25. hxg4 Bd4 26. Rab1 h3 27.
g3 Rdf8 28. Qe2 Rf7 29. Kxh2 Qg5 30. f3 Qe3 31. Qxe3 Bxe3 32. Rbd1 Bd4 33.
Bb3 c5 34. b5 Kc7 35. Rd3 Rg7 36. Rc1 b6 37. Bd1 d5 38. cxd5 exd5 39. exd5
Kd6 40. Bb3 e4 41. Rxd4 cxd4 42. Rc6+ Kd7 43. fxe4 Rxg4 44. e5 Re4 45. e6+
Ke8 46. d6 Re2+ 47. Kh1 Re1+ 48. Kh2 1/2-1/2

[Event "36th Olympiad w"]
[Site "Calvia ESP"]
[Date "2004.10.28"]
[Round "13"]
[White "Dengler,D"]
[Black "Lindiawati,E"]
[Result "1-0"]
[WhiteElo "2123"]
[BlackElo "2125"]
[EventDate "2004.10.15"]

1. d4 Nf6 2. Nf3 e6 3. e3 b6 4. Bd3 Bb7 5. O-O Ne4 6. Nbd2 f5 7. c4 Be7 8.
Qc2 Nxd2 9. Nxd2 O-O 10. f3 Bf6 11. Re1 g6 12. b4 Nc6 13. Rb1 a5 14. a3
axb4 15. axb4 f4 16. Ne4 fxe3 17. Nxf6+ Qxf6 18. Bxe3 Nxd4 19. Qf2 Nf5 20.
Bxf5 Qxf5 21. Rbd1 e5 22. c5 b5 23. Qb2 Rfe8 24. Bf2 e4 25. Qb3+ Qe6 26.
Qxe6+ dxe6 27. fxe4 Bc6 28. Bg3 Re7 29. Be5 Rf7 30. Rd4 Kf8 31. Rf1 Rxf1+
32. Kxf1 Rc8 33. Kf2 Ke7 34. Ke3 h5 35. h4 Be8 36. Rd3 Bc6 37. Ra3 Ba8 38.
Ra7 Bc6 39. Bxc7 Kf6 40. Kf4 Kf7 41. Bd6+ Kg8 42. g3 Ra8 43. Rc7 Be8 44.
Re7 Bf7 45. c6 Ra6 46. c7 Rc6 47. Rd7 1-0

[Event "36th Olympiad w"]
[Site "Calvia ESP"]
[Date "2004.10.28"]
[Round "13"]
[White "Lomibao,S"]
[Black "Sanchez Castillo,S"]
[Result "0-1"]
[WhiteElo "2089"]
[BlackElo "2141"]
[EventDate "2004.10.15"]

1. e4 e6 2. d4 d5 3. Nc3 Bb4 4. exd5 exd5 5. Nf3 Nf6 6. Be2 h6 7. O-O O-O
8. Qd3 Bxc3 9. bxc3 Ne4 10. c4 Re8 11. cxd5 Qxd5 12. c4 Qd8 13. Qc2 Bf5 14.
Qb2 Nd7 15. Be3 Rb8 16. Rad1 Qe7 17. Bd3 Bg4 18. Be2 Nxf2 19. Bxf2 Qxe2 20.
Qb3 Bxf3 21. Rfe1 Re3 22. Rxe2 Rxb3 23. gxf3 Rxf3 24. Re7 Nf6 25. Rxc7 Ne4
26. Be1 Re8 27. Rxb7 Re6 28. Rb2 Ref6 29. Bb4 Nf2 30. Rxf2 Rxf2 31. Be7
R6f4 32. d5 Rc2 33. Bc5 Rfxc4 34. Be3 Re4 35. d6 Rg4+ 36. Kh1 Rc8 37. Bxa7
Rd8 38. Bb6 Rd7 39. Bc7 Rc4 40. Bb8 Rc8 41. Rb1 Kh7 42. a4 Rxb8 43. Rxb8
Rxd6 44. Kg2 Rd2+ 45. Kg3 Ra2 46. Rb4 g5 47. h4 Kg6 48. Rb6+ f6 49. hxg5
hxg5 50. Ra6 Kf5 51. Ra5+ Ke4 52. Ra6 f5 53. Re6+ Kd5 54. Rg6 Ra3+ 55. Kf2
g4 56. Rg8 Rxa4 57. Kg3 Ra3+ 58. Kf4 Rf3+ 59. Kg5 Kd4 60. Re8 g3 61. Kh4 f4
62. Kh3 Rf2 63. Re1 Kd3 64. Kg4 g2 65. Rg1 f3 0-1

[Event "36th Olympiad w"]
[Site "Calvia ESP"]
[Date "2004.10.28"]
[Round "13"]
[White "Hernandez,Z"]
[Black "Mendoza,B"]
[Result "0-1"]
[WhiteElo "2100"]
[BlackElo "2131"]
[EventDate "2004.10.15"]

1. e4 e5 2. Nf3 Nc6 3. d4 exd4 4. Nxd4 Nf6 5. Nxc6 bxc6 6. e5 Qe7 7. Qe2
Nd5 8. c4 Ba6 9. b3 Nb6 10. Bb2 Qe6 11. Nd2 Bb4 12. O-O-O O-O 13. f4 d5 14.
exd6 Qxe2 15. Bxe2 cxd6 16. a3 Bc5 17. Bf3 d5 18. cxd5 Nxd5 19. Kb1 Be3 20.
Nf1 Bxf4 21. Bd4 Rab8 22. b4 Rfe8 23. Bc5 Rb6 24. Bxd5 Be2 25. Rd4 0-1

[Event "36th Olympiad w"]
[Site "Calvia ESP"]
[Date "2004.10.28"]
[Round "13"]
[White "Tilenbaeva,J"]
[Black "Thorsteinsdottir,G"]
[Result "1/2-1/2"]
[WhiteElo "2080"]
[BlackElo "2130"]
[EventDate "2004.10.15"]

1. e4 c5 2. Nf3 e6 3. d3 Nc6 4. Nbd2 g6 5. g3 Bg7 6. Bg2 d6 7. O-O Nge7 8.
Re1 O-O 9. Nf1 Rb8 10. h4 e5 11. N3h2 f5 12. Bd2 f4 13. Qc1 Nd4 14. gxf4
exf4 15. Bxf4 Nxc2 16. Bxd6 Qxd6 17. Qxc2 Nc6 18. Red1 Nd4 19. Qd2 Qf6 20.
Rac1 b6 21. Ne3 Qxh4 22. f3 Be5 23. Nef1 Bf4 24. Qf2 Qxf2+ 25. Kxf2 Bxc1
26. Rxc1 Ba6 27. Ke3 Rbd8 28. Rc3 h5 29. Bh3 g5 30. Ng3 h4 31. Nf5 Nxf5+
32. Bxf5 Bc8 33. Bxc8 Rxc8 34. Rc1 Kg7 35. Rg1 Kg6 36. Rg4 Rcd8 37. Rg1 Rd7
38. Ng4 Re8 39. Nf2 Kh5 40. Ke2 Rf7 41. Nh3 Rg8 42. Rg4 Rfg7 43. Ke3 Re7
44. Ke2 b5 45. Ke3 Kh6 46. Rg1 Rc7 47. Nf2 Rf7 48. Nh3 Kg7 49. Nf2 Kh6 50.
Ng4+ 1/2-1/2

[Event "36th Olympiad w"]
[Site "Calvia ESP"]
[Date "2004.10.28"]
[Round "13"]
[White "Roslina,M"]
[Black "Castillo,Di"]
[Result "0-1"]
[WhiteElo "2028"]
[BlackElo "2043"]
[EventDate "2004.10.15"]

1. d4 f5 2. Nf3 Nf6 3. g3 g6 4. Bg2 Bg7 5. O-O O-O 6. c3 e6 7. Nbd2 d6 8.
Qb3 h6 9. Nh4 Kh7 10. Bxb7 Bxb7 11. Qxb7 Nbd7 12. Ng2 a5 13. Qb5 Qe7 14.
Qc6 Rac8 15. Nc4 e5 16. dxe5 Nxe5 17. Nxe5 Qxe5 18. Qc4 Rfe8 19. e3 Ne4 20.
Nf4 Re7 21. Nd5 Qe6 22. Qa6 Qxd5 23. Qxc8 Ng5 24. f3 Nxf3+ 25. Rxf3 Qxf3
26. Qa6 Bf6 27. Qf1 Qd5 28. Qg2 Re4 29. a3 Qb3 30. Qf2 Bg5 31. h3 Qe6 32.
Bd2 Bxe3 33. Bxe3 Rxe3 34. Rf1 Qe5 35. g4 Rg3+ 36. Kh1 Rxh3+ 37. Kg1 Rg3+
38. Kh1 Rxg4 39. Re1 Re4 40. Rxe4 Qxe4+ 41. Qg2 Qe1+ 42. Kh2 Qe5+ 43. Kh1
g5 44. Qb7 Qc5 45. Qb3 Kg6 46. Qe6+ Kh5 47. Qe2+ g4 48. Qe7 0-1

[Event "36th Olympiad w"]
[Site "Calvia ESP"]
[Date "2004.10.28"]
[Round "13"]
[White "Mohammed,J"]
[Black "Mouradian,S"]
[Result "1/2-1/2"]
[WhiteElo "1990"]
[BlackElo "2007"]
[EventDate "2004.10.15"]

1. d4 Nf6 2. c4 g6 3. g3 Bg7 4. Bg2 d6 5. Nf3 O-O 6. O-O Na6 7. Nc3 c6 8.
e4 e5 9. dxe5 dxe5 10. Qxd8 Rxd8 11. Bg5 h6 12. Bxf6 Bxf6 13. Rad1 Be6 14.
b3 Nb4 15. h4 Nc2 16. Rxd8+ Rxd8 17. Rd1 Nd4 18. Nxd4 exd4 19. Ne2 c5 20.
Nf4 g5 21. hxg5 Bxg5 22. Nd5 1/2-1/2

[Event "36th Olympiad w"]
[Site "Calvia ESP"]
[Date "2004.10.28"]
[Round "13"]
[White "Cast,A"]
[Black "Charmova,E"]
[Result "1-0"]
[WhiteElo "2082"]
[BlackElo "2047"]
[EventDate "2004.10.15"]

1. d4 d5 2. c4 e6 3. Nc3 c5 4. e3 cxd4 5. exd4 Nf6 6. Nf3 Be7 7. Bg5 O-O 8.
Be2 dxc4 9. Bxc4 Nc6 10. O-O Nb4 11. a3 Nbd5 12. Qb3 Rb8 13. Ne5 Bd7 14.
Rfe1 b5 15. Bxd5 Nxd5 16. Bxe7 Nxe7 17. Rad1 Re8 18. Ne4 Rb6 19. Qf3 Rf8
20. Qh3 Ng6 21. Ng5 h6 22. Ngxf7 Rxf7 23. Nxg6 e5 24. Qg3 exd4 25. Rxd4 Qf6
26. Rxd7 Qxg6 27. Qxg6 Rxg6 28. Re8+ Rf8 29. Rxf8+ Kxf8 30. Rxa7 Rd6 31. g3
Rd2 32. b4 g6 33. Kg2 Rd3 34. Ra5 Ke7 35. Rxb5 Rxa3 36. Rb6 Rb3 37. b5 h5
38. Kh3 Kf7 39. Kh4 1-0

[Event "36th Olympiad w"]
[Site "Calvia ESP"]
[Date "2004.10.28"]
[Round "13"]
[White "Smith,V"]
[Black "Smith,O"]
[Result "0-1"]
[WhiteElo "1966"]
[BlackElo "1831"]
[EventDate "2004.10.15"]

1. e4 e5 2. Nf3 Nc6 3. Bc4 Bc5 4. c3 Nf6 5. d3 d6 6. O-O O-O 7. Bb3 Be6 8.
Bg5 Re8 9. d4 Bxb3 10. axb3 exd4 11. b4 Bb6 12. Nbd2 dxc3 13. bxc3 h6 14.
Bh4 g5 15. Nxg5 hxg5 16. Bxg5 Re6 17. Nc4 Qf8 18. Nxb6 cxb6 19. f3 Qg7 20.
Be3 Nh5 21. b5 Ne5 22. Rf2 Rg6 23. Raa2 Nc4 24. Bd4 Nf6 25. f4 Qh7 26. Rfe2
Qh5 27. Qd3 d5 28. exd5 Qxd5 29. f5 Rg5 30. Rf2 Re8 31. Rae2 Nd6 32. Qh3
Rxe2 33. Rxe2 Qxf5 34. Qe3 Nfe4 35. Qc1 Qg6 36. Qe1 f6 37. g3 Nxg3 38. Re8+
Kh7 39. Qe7+ Qg7 0-1

[Event "36th Olympiad w"]
[Site "Calvia ESP"]
[Date "2004.10.28"]
[Round "13"]
[White "Starr,N"]
[Black "Cima,R"]
[Result "1-0"]
[WhiteElo "2191"]
[BlackElo "2130"]
[EventDate "2004.10.15"]

1. e4 e5 2. Nf3 Nc6 3. Bc4 Be7 4. d4 exd4 5. Nxd4 Ne5 6. Bb3 Nf6 7. f4 Ng6
8. e5 Ne4 9. O-O d5 10. exd6 Nxd6 11. Nc3 O-O 12. f5 Ne5 13. Qe2 Bf6 14.
Bf4 Re8 15. Ne6 fxe6 16. Bxe5 Bxe5 17. Qxe5 Nf7 18. fxe6 Nxe5 19. e7+ Kh8
20. exd8=Q Rxd8 21. Rae1 Ng6 22. Nb5 c6 23. Nd6 1-0

[Event "36th Olympiad w"]
[Site "Calvia ESP"]
[Date "2004.10.28"]
[Round "13"]
[White "Goutor,V"]
[Black "Driza,A"]
[Result "1/2-1/2"]
[WhiteElo "2013"]
[BlackElo "2068"]
[EventDate "2004.10.15"]

1. e4 e5 2. Nf3 Nc6 3. Bb5 a6 4. Ba4 Nf6 5. O-O d6 6. Re1 b5 7. Bb3 Be7 8.
c3 Na5 9. Bc2 c5 10. d4 Qc7 11. d5 Bg4 12. h3 Bxf3 13. Qxf3 O-O 14. Nd2 c4
15. Nf1 Nb7 16. Ng3 Ne8 17. Nf5 g6 18. Nh6+ Kg7 19. b3 cxb3 20. Bxb3 b4 21.
c4 Qd8 22. Ng4 Bg5 23. Bxg5 Qxg5 24. Qe3 Qxe3 25. Nxe3 Nf6 26. g3 Nd7 27.
f4 f6 28. f5 g5 29. h4 h6 30. Kf2 h5 31. Reb1 Ndc5 32. Ke2 Kf7 33. a4 Ra7
34. Nd1 Rfa8 35. Nb2 1/2-1/2